| 000 | 00802cam a22002653a 4500 | ||
|---|---|---|---|
| 001 | 12630 | ||
| 003 | PGUSA | ||
| 005 | 20140828083255.0 | ||
| 008 | 040601s2004||||xxu|||||s|||||000 1 eng d | ||
| 040 |
_aPGUSA _beng |
||
| 042 | _adc | ||
| 050 | 4 | _aPZ | |
| 100 | 1 |
_aBurgess, Thornton W. _q(Thornton Waldo), _d1874-1965 |
|
| 245 | 1 | 4 |
_aThe Adventures of Old Mr. Toad _h[electronic resource] / _cThornton W. Burgess |
| 260 |
_bProject Gutenberg, _c2004 |
||
| 506 | _aPublic domain in the USA. | ||
| 516 | _aElectronic text | ||
| 653 | _aRabbits -- Juvenile fiction | ||
| 653 | _aToads -- Juvenile fiction | ||
| 653 | _aAnimals -- Juvenile fiction | ||
| 700 | 1 |
_aCady, Harrison, _d1877-1970 |
|
| 830 | 0 |
_aProject Gutenberg _v12630 |
|
| 856 | 4 | 0 | _uhttp://www.gutenberg.org/ebooks/12630 |
| 942 | _cEB | ||
| 999 |
_c241885 _d241885 |
||